000
00322nam a22001337a 4500
008
171006b xxu||||| |||| 00| 0 eng d
020
_a
9780131599253
041
_a
eng
080
_2
3RD
_a
159.9
100
_a
49
101
_a
PSI
245
_a
JUVENILE DELINQUENCY AND ANTISOCIAL BEHAVIOR
_c
BARTOL.C.R
942
_2
udc
_c
BK
999
_c
32422
_d
32422